000 00429nam a2200157 i 4500
001 bg
100 1 _aJURZYSTA, T.
245 1 0 _aPrzepisy prawne dotyczące ochrony przed promieniowaniem /
_cT. Jurzysta, T. Musiałowicz, J. Supliński.
260 _aWarszawa,
_c1975.
700 1 _aMUSIAŁOWICZ, T.
700 1 _aSUPLIŃSKI, J.
040 _cBPK
041 _apol
942 _cKS
008 s pl f |000 0 pol
999 _c27930
_d27930
856 _uhttp://koha.tu.koszalin.pl/cgi-bin/koha/opac-detail.pl?biblionumber=27930
_yKatalog online BPK